Statistics for All European Countries by population in order Quiz

Click here to take the quiz!

General Stats

  • This quiz has been taken 132 times
  • The average score is 38 of 46

Answer Stats

HintAnswer% Correct
F-68MFrance
100%
R-146MRussia
100%
G-84MGermany
99%
U-68MUnited Kingdom
99%
I-62MItaly
98%
U-44MUkraine
98%
P-39MPoland
97%
B-12MBelgium
95%
R-20MRomania
95%
N-17MNetherlands
94%
S-49MSpain
94%
D-6MDenmark
92%
H-10MHungary
92%
P-11MPortugal
92%
S-10MSweden
90%
C-11MCzech Republic
89%
F-6MFinland
89%
N-5MNorway
89%
G-11MGreece
88%
A-9MAustria
86%
B-10MBelarus
85%
L-3MLithuania
82%
S-9MSerbia
81%
C-4MCroatia
80%
B-7MBulgaria
79%
E-1MEstonia
78%
I-5MIreland
78%
S-5MSlovakia
77%
B-3MBosnia and Herzegovina
76%
S-9MSwitzerland
76%
L-2MLatvia
75%
A-3MAlbania
74%
V-800Vatican City
72%
L-40KLiechtenstein
71%
L-700KLuxembourg
71%
M-4MMoldova
71%
A-150KAndorra
70%
M-60KMonaco
70%
K-2MKosovo
69%
N-2MNorth Macedonia
69%
S-30KSan Marino
68%
S-2MSlovenia
67%
I-400KIceland
66%
M-500KMalta
66%
M-800KMontenegro
65%
C-1MCyprus
57%

Score Distribution

Percentile by Number Answered

Percent of People with Each Score

Your Score History

You have not taken this quiz